000 00935cam a2200313 a 4500
001 17001155
003 CBULib
005 20240619131945.0
008 111013s2012 stka f 001 0 eng
010 _a 2011042780
020 _a9780702045868 (pbk)
035 _a(DNLM)101571052
040 _aDNLM/DLC
_cDLC
_dDLC
042 _apcc
050 0 0 _aRG951
_b.S87 2012
060 1 0 _aWQ 165
082 0 0 _a618.2
_223
245 0 0 _aSurvival guide to midwifery / by
_cDiane M. Fraser, Margaret A. Cooper.
250 _a2nd ed.
260 _aEdinburgh :
_bChurchill Livingstone/Elsevier,
_c2012.
300 _a470 p. :
_bill. ;
_c19 cm.
500 _aIncludes index.
650 1 2 _aMidwifery
_vHandbooks.
700 1 _aFraser, Diane.
700 1 _aCooper, Margaret A.
906 _a7
_bcbc
_corignew
_d1
_eecip
_f20
_gy-gencatlg
942 _2lcc
_c002
_n0
999 _c85041
_d85041